British Birds by Letter - N - Statistics

General Stats
  • This quiz has been taken 9 times
  • The average score is 6 of 8
Answer Stats
Picture Hint Answer % Correct
Nycticorax nycticorax Night-Heron
100%
Luscinia megarhynchos Nightingale
100%
Caprimulgus europaeus Nightjar
100%
Nucifraga caryocatactes Northern Nutcracker
100%
Sitta europaea Nuthatch
100%
Turdus naumanni Naumann's Thrush
50%
Hirundapus caudacutus (White-Throated) Needletail
50%
Setophaga americana Northern Parula
25%
No matching quizzes found
Score Distribution
Percent of People with Each Score
Percentile by Number Answered
Your Score History
You have not taken this quiz